Statistics for Archbishops of Canterbury

Click here to take the quiz!

General Stats

  • This quiz has been taken 158 times
  • The average score is 11 of 72

Answer Stats

TenureAnswer% Correct
1162-70Thomas Becket
67%
2002-12Rowan Williams
64%
2012-PresentJustin Welby
55%
1533-55Thomas Cranmer
54%
1980-91Robert Runcie
45%
1991-2002George Carey
41%
1945-61Geoffrey Fisher
31%
1928-42Cosmo Gordon Lang
28%
1974-80Donald Coggan
26%
1942-44William Temple
25%
1896-1902Frederick Temple
24%
1961-74Michael Ramsey
24%
1633-45William Laud
24%
1093-1109Anselm
23%
1556-58Reginald Pole
23%
1783-1805John Moore
22%
1559-75Matthew Parker
18%
1070-89Lanfranc
17%
1207-28Stephen Langton
17%
1234-40Edmund Rich
15%
1903-28Randall Davidson
14%
1229-31Richard le Grant
14%
1174-84Richard of Dover
14%
1503-32William Warham
13%
1868-82Archibald Tait
12%
1883-96Edward Benson
12%
1583-1604John Whitgift
12%
1193-1205Hubert Walter
10%
1848-62John Sumner
10%
1575-83Edmund Grindal
9%
1691-94John Tillotson
9%
1349-66Simon Islip
9%
1396-97Thomas Arundel
9%
1399-1414Thomas Arundel
9%
1660-63William Juxon
9%
1241-70Boniface of Savoy
8%
1862-68Charles Longley
8%
1805-28Charles Manners-Sutton
8%
1611-33George Abbot
8%
1414-43Henry Chichele
8%
1486-1500John Morton
8%
1443-52John Stafford
8%
1114-22Ralph d'Escures
8%
1604-10Richard Bancroft
8%
1397-99Roger Walden
8%
1375-81Simon Sudbury
8%
1139-61Theobald of Bec
8%
1694-1715Thomas Tenison
8%
1381-96William Courtenay
8%
1828-48William Howley
8%
1184-90Baldwin of Forde
7%
1768-83Frederick Cornwallis
7%
1663-77Gilbert Sheldon
7%
1279-92John Peckham
7%
1737-47John Potter
7%
1294-1313Robert Winchelsey
7%
1747-57Thomas Herring
7%
1313-27Walter Reynolds
7%
1123-36William de Corbeil
7%
1678-90William Sancroft
7%
1501-03Henry Deane
6%
1333-48John de Stratford
6%
1757-58Matthew Hutton
6%
1273-78Robert Kilwardby
6%
1366-68Simon Langham
6%
1328-33Simon Mepeham
6%
1454-86Thomas Bourchier
6%
1349Thomas Bradwardine
6%
1758-68Thomas Secker
6%
1715-37William Wake
6%
1368-74William Whittlesey
6%
1452-54John Kempe
5%

Score Distribution

Percentile by Number Answered

Percent of People with Each Score

Your Score History

You have not taken this quiz